Черен леопард, червен вълк (Запис номер 415792)
[ съкратено ]
| 000 -Лидер | |
|---|---|
| Лидер | 01197nam a2200313 a 4500 |
| 003 - Код на организацията, давaща контролен номер | |
| Код на организацията, даваща контролен номер | BLK |
| 005 - Дата и час на последна редакция | |
| Дата и час на последна редакция | 20241115131456.0 |
| 008 - Елементи от данни с фиксирана дължина | |
| Елементи с фиксирана дължина | 210525b bu |||||r|||| 00| | bu d |
| 020 ## - Международен стандартен номер на книга ISBN | |
| ISBN | 9786197055795 |
| 040 ## - Източник на каталожния запис | |
| Код на библиотеката | BLK |
| 041 ## - Код за език | |
| Език | Български |
| Език за КДБФ | Български |
| 080 ## - УДК | |
| 9 (RLIN) | 489101 |
| УДК текст | Литература на Ямайка |
| УДК код | 821.111(729.2) |
| УДК – определител | -312.9 |
| УДК – код + определител | 821.111(729.2)-312.9 |
| 084 ## - Класификационен индекс по друга класификация | |
| Авторски знак | Дже - Д 50 |
| 100 ## - Редна дума - Автор | |
| R(LIN) | 455034 |
| Автор | Джеймс, Марлон |
| Години, свързани с автора | 1970- |
| 245 ## - Сведения за заглавието | |
| Заглавие | Черен леопард, червен вълк |
| Авторска отговорност | Марлон Джеймс ; прев. от англ. Стефан Аврамов |
| 260 ## - Област на издателските данни | |
| 9 (RLIN) | 210561 |
| Място на издаване | София |
| Име на издателя | Лабиринт |
| Година на издаване | 2020 |
| 300 ## - Физическа характеристика | |
| Брой страници | 556 с. |
| Размер | 22 см |
| 380 ## - Жанр | |
| Жанр | Худож. лит. |
| 490 ## - СЕРИИ (Колекции) | |
| 9 (RLIN) | 489257 |
| Серия | Тъмна звезда |
| Номер в серията | Кн. 1 |
| 500 ## - Общи забележки | |
| Обща забележка | Ориг. загл.: Black leopard, red wolf / Marlon James. - Кн. 1 от трилогията Тъмна звезда |
| 700 ## - Други автори (авторска отговорност) | |
| 9 (RLIN) | 1021 |
| Друг автор | Аврамов, Стефан Иванов |
| Авт. отговорност на др. автор | прев. от англ. |
| 852 ## - Местоположение | |
| Сигнатура (форматна) | Цб 305469 |
| 942 ## - АРТИКУЛИ | |
| Вид на библиотечния документ | Книги |
| Скрит в OPAC | Не |
| Периодичен библиозапис | Да |
| Koha issues (borrowed), all copies | 18 |
| 944 ## - СЪЗДАВАНЕ И РЕДАКЦИЯ на ЗАПИСА | |
| Създаване/Редакция | Създаване |
| Служител, извършил регистрацията/редакцията | 30530 |
| Дата на регистрацията/редакция | 08.09.2023 |
| Номер на служител | Минев Младен |
| 999 ## - СИСТЕМНИ КОНТРОЛНИ НОМЕРА | |
| Koha biblionumber | 415792 |
| Koha biblioitemnumber | 415792 |
| 999 ## - СИСТЕМНИ КОНТРОЛНИ НОМЕРА | |
| Koha biblioitemnumber | 415792 |
| 999 ## - СИСТЕМНИ КОНТРОЛНИ НОМЕРА | |
| Koha biblioitemnumber | 415792 |
| 999 ## - СИСТЕМНИ КОНТРОЛНИ НОМЕРА | |
| Koha biblioitemnumber | 415792 |
| 999 ## - СИСТЕМНИ КОНТРОЛНИ НОМЕРА | |
| Koha biblioitemnumber | 415792 |
| Код за отписване | Код за изгубен артикул | Източник на класификационната схема | Код за повреда | Коз за рестрикции | Код за отдаване | Артикулен № | Име на библиотеката - собственик | Име на библиотеката, в която се намира в момента | Статус (Текущо местоположение) | Дата на вписване в системата | Местоположение - отдел | Цена в лева | Систематично азбучна сигнатура | Баркод | Цена в евро | Служебен тип на артикула | Инвентарен номер |
|---|---|---|---|---|---|---|---|---|---|---|---|---|---|---|---|---|---|
| Не е изгубен | Universal Decimal Classification | Не е повреден | само за читалня | ползва се в читалня | 832284 | Регионална библиотека "Любен Каравелов" Русе | Регионална библиотека "Любен Каравелов" Русе | Хранилище | 2021-05-26 | Хранилище | 24.90 | Цб 305469 | 120000854844 | 12.73 | Книги | ||
| Не е изгубен | Universal Decimal Classification | Не е повреден | заемане за дома | 934585 | Регионална библиотека "Любен Каравелов" Русе | Регионална библиотека "Любен Каравелов" Русе | Заемна - подръчен фонд | 2023-10-06 | Заемна - подръчен фонд | 17.43 | 821-31/Д 50 М | 120000893752 | 8.91 | Книги | 120000893752 | ||
| Не е изгубен | Universal Decimal Classification | Не е повреден | заемане за дома | 934586 | Регионална библиотека "Любен Каравелов" Русе | Регионална библиотека "Любен Каравелов" Русе | Заемна - подръчен фонд | 2023-10-06 | Заемна - подръчен фонд | 17.43 | 821-31/Д 50 М | 120000893753 | 8.91 | Книги | 120000893753 |